000 00736nam a2200289Ia 4500
005 20260324112651.0
008 008 260324s9999 xx 000 0 eng d
020 _a9781003343172
037 _aEBOOK
040 _aCRL
040 _beng
040 _cCRL
041 _2eng
041 _aeng
084 _qCRL
100 _aR. Indrakumari; T. Ganesh Kumar; D. Murugan; Sherimon P.C.
_91143653
245 0 _aDeep Learning in Medical Image Analysis
245 0 _bRecent Advances and Future Trends
260 _bTaylor and Francis
260 _c2024
365 _a
365 _b210
856 _uhttp://www.taylorfrancis.com/books/9781003343172
942 _cEBOOK
999 _c1732943
_d1732943